TEORIA Y PRACTICA DE LA DIRECCION DE LOS CENTROS EDUCATIVOS (Registro nro. 46907)
[ vista simple ]
| 000 -LEADER | |
|---|---|
| fixed length control field | 01009nam a2200193 a 4500 |
| 001 - CONTROL NUMBER | |
| control field | 46907 |
| 005 - DATE AND TIME OF LATEST TRANSACTION | |
| control field | 20180714030649.0 |
| 008 - FIXED-LENGTH DATA ELEMENTS--GENERAL INFORMATION | |
| fixed length control field | 140415s1997 sp 000 0 spa d |
| 020 ## - INTERNATIONAL STANDARD BOOK NUMBER | |
| International Standard Book Number | 8431313625 |
| 041 ## - LANGUAGE CODE | |
| Language code of text/sound track or separate title | spa |
| 082 ## - DEWEY DECIMAL CLASSIFICATION NUMBER | |
| Classification number | 371.2 |
| Item number | ISA |
| 100 1# - MAIN ENTRY--PERSONAL NAME | |
| Personal name | Isaacs, David. |
| 245 10 - TITLE STATEMENT | |
| Title | TEORIA Y PRACTICA DE LA DIRECCION DE LOS CENTROS EDUCATIVOS |
| 250 ## - EDITION STATEMENT | |
| Edition statement | 4ed. |
| 260 ## - PUBLICATION, DISTRIBUTION, ETC. | |
| Place of publication, distribution, etc. | ESPAÑA : |
| Name of publisher, distributor, etc. | EUNSA, |
| Date of publication, distribution, etc. | 1997 |
| 300 ## - PHYSICAL DESCRIPTION | |
| Extent | 464 |
| Dimensions | 14.2 x 2.5 x 21.5 |
| 520 ## - SUMMARY, ETC. | |
| Summary, etc. | DESDE 1987 EL AUTOR HA TENIDO LA OPORTUNIDAD DE SEGUIR MANTENIÉNDO EN CONTACTO CON LA REALIDAD DE LOS CENTROS ADUCATIVOS MEDIANTE LOS PROGRAMAS DE PERFECCIONAMIENTO DE DIRECTIVOS ORGANIZADOS POR EL INSTITUTO DE CIENCIAS DE LA EDUCACIÓN DE LA UNIVERSIDAD DE NAVARRA-PIONERO EN ESTA ÁREA DEL SABER-Y TAMBIÉN MEDIANTE LA ACTIVIDAD DE ASESORÍA QUE HA PODIDO REALIZAR EN CENTROS EDUCATIVOS EN LUGARES MUY DIVERSOS DEL MUNDO. COMO CONSECUENCIA DE ESTE ESTUDIO PRÁCTICO DE LA REALIDAD Y TAMBIÉN H |
| 650 14 - SUBJECT ADDED ENTRY--TOPICAL TERM | |
| Topical term or geographic name entry element | ADMINISTRACION ESCOLAR |
| Withdrawn status | Lost status | Source of classification or shelving scheme | Damaged status | Not for loan | Collection code | Home library | Current library | Shelving location | Date acquired | Source of acquisition | Inventory number | Total Checkouts | Full call number | Barcode | Date last seen | Date last checked out | Price effective from | Koha item type | Total Renewals |
|---|---|---|---|---|---|---|---|---|---|---|---|---|---|---|---|---|---|---|---|
| Dewey Decimal Classification | General | Biblioteca Karol Wojtyla | Biblioteca Karol Wojtyla | Sala general | 03/12/2013 | Compra | 151000000000000000042803 | 371.2 ISA | 70334 | 05/01/2026 | 25/10/2016 | 03/12/2013 | Libro | ||||||
| Dewey Decimal Classification | General | Biblioteca Karol Wojtyla | Biblioteca Karol Wojtyla | Sala general | 03/12/2013 | Compra | 151000000000000000042804 | 1 | 371.2 ISA | 70335 | 05/01/2026 | 23/05/2019 | 03/12/2013 | Libro | 1 | ||||
| Dewey Decimal Classification | General | Biblioteca Karol Wojtyla | Biblioteca Karol Wojtyla | Sala general | 03/12/2013 | Compra | 151000000000000000042802 | 1 | 371.2 ISA | 70333 | 05/01/2026 | 20/10/2018 | 03/12/2013 | Libro | |||||
| Dewey Decimal Classification | General | Biblioteca Karol Wojtyla | Biblioteca Karol Wojtyla | Sala general | 03/12/2013 | Compra | 151000000000000000042801 | 371.2 ISA | 70331 | 05/01/2026 | 03/12/2013 | Libro | |||||||
| Dewey Decimal Classification | General | Biblioteca Karol Wojtyla | Biblioteca Karol Wojtyla | Sala general | 03/12/2013 | Compra | 151000000000000000042800 | 2 | 371.2 ISA | 70332 | 05/01/2026 | 31/05/2023 | 03/12/2013 | Libro | 1 |